Normal view
MARC view
- Tayyaba Zaheer
Entry Personal Name
001 - CONTROL NUMBER
- control field: 10057
003 - CONTROL NUMBER IDENTIFIER
- control field: NUST
005 - DATE AND TIME OF LATEST TRANSACTION
- control field: 20180301093349.0
008 - FIXED-LENGTH DATA ELEMENTS
- fixed length control field: 180301|| aca||aabn | a|a d
040 ## - CATALOGING SOURCE
- Original cataloging agency: NUST
- Transcribing agency: NUST
100 ## - HEADING--PERSONAL NAME
- Personal name: Tayyaba Zaheer
670 ## - SOURCE DATA FOUND
- Source citation: Work cat.: (NUST): Tayyaba Zaheer, Real-Time data-Driven framework for route prediction based on VANETs, 2017
